Fossil Bibionidae (Diptera) from British Columbia. (Record no. 29512)

MARC details
000 -LEADER
fixed length control field 00930cam a22002771 4500
001 - CONTROL NUMBER
control field gs 61000032
003 - CONTROL NUMBER IDENTIFIER
control field DLC
005 - DATE AND TIME OF LATEST TRANSACTION
control field 20260227111410.0
008 - FIXED-LENGTH DATA ELEMENTS--GENERAL INFORMATION
fixed length control field 720222s1959 xx 000 0 eng
010 ## - LIBRARY OF CONGRESS CONTROL NUMBER
LC control number gs 61000032
035 ## - SYSTEM CONTROL NUMBER
System control number (OCoLC)245768
040 ## - CATALOGING SOURCE
Original cataloging agency DLC
Transcribing agency OAkU
Modifying agency DLC
042 ## - AUTHENTICATION CODE
Authentication code premarc
050 00 - LIBRARY OF CONGRESS CALL NUMBER
Classification number QE185
Item number .A43 no. 55
100 1# - MAIN ENTRY--PERSONAL NAME
Personal name Rice, H. M. A.
Fuller form of name (Harington Molesworth Anthony),
Dates associated with a name 1900-1970.
245 10 - TITLE STATEMENT
Title Fossil Bibionidae (Diptera) from British Columbia.
260 ## - PUBLICATION, DISTRIBUTION, ETC.
Place of publication, distribution, etc. [Ottawa]
Name of publisher, distributor, etc. Dept. of Mines and Technical Survey, Canada
Date of publication, distribution, etc. [1959]
300 ## - PHYSICAL DESCRIPTION
Extent x, 37 p.
Other physical details illus., plates, map, tables
490 1# - SERIES STATEMENT
Series statement Geological Survey of Canada. Bulletin
Volume/sequential designation 55
500 ## - GENERAL NOTE
General note Abstract in English and French.
504 ## - BIBLIOGRAPHY, ETC. NOTE
Bibliography, etc. note Bibliograhy: p. 19.
650 #0 - SUBJECT ADDED ENTRY--TOPICAL TERM
Topical term or geographic name entry element Bibionidae, Fossil.
650 #0 - SUBJECT ADDED ENTRY--TOPICAL TERM
Topical term or geographic name entry element Paleontology
Geographic subdivision British Columbia.
650 #0 - SUBJECT ADDED ENTRY--TOPICAL TERM
Topical term or geographic name entry element Paleontology
Chronological subdivision Tertiary.
830 #0 - SERIES ADDED ENTRY--UNIFORM TITLE
Uniform title Bulletin (Geological Survey of Canada) ;
Volume/sequential designation 55.

No items available.

Powered by Koha